[Event "Heinola Suomi 100 ottelu Vierumaki"]
[Site "Heinola"]
[Date "2017.11.18"]
[Round "2"]
[White "Parkkinen, Jyrki"]
[Black "Kalvet, Tonu"]
[Result "1-0"]
[WhiteElo "2116"]
[BlackElo "1432"]
[PlyCount "99"]
[EventDate "2017.11.17"]
[EventType "swiss"]
[EventRounds "3"]
[EventCountry "FIN"]
[SourceTitle "EXT 2022"]
[Source "ChessBase"]
[SourceDate "2021.10.06"]
[SourceVersion "1"]
[SourceVersionDate "2021.10.06"]
[SourceQuality "1"]

1. Nf3 g6 2. d4 Bg7 3. c4 f5 4. g3 Nf6 5. Bg2 c6 6. Nc3 d6 7. 0-0 Na6 8. d5 c5 9. Ng5 Nc7 10. e4 h6 11. Nh3 g5 12. f3 Rb8 13. a4 a5 14. Ra3 Na6 15. Nf2 0-0 16. exf5 Bxf5 17. f4 g4 18. Nce4 Qc8 19. Qe2 Qd7 20. Re1 Rfe8 21. Re3 Nxe4 22. Bxe4 Bd4 23. Bxf5 Qxf5 24. Rxe7 Rf8 25. Qe6+ Qxe6 26. R7xe6 Rf6 27. Rxf6 Bxf6 28. Re6 Kg7 29. Nxg4 Bd4+ 30. Be3 Bxb2 31. Nxh6 b6 32. f5 Nb4 33. Rg6+ Kh7 34. Rxd6 Nd3 35. Rd7+ Kh8 36. d6 Ne5 37. Nf7+ Kg8 38. Nxe5 Bxe5 39. Bg5 Re8 40. Be7 b5 41. cxb5 c4 42. Rc7 Kf7 43. Rxc4 Rxe7 44. dxe7 Kxe7 45. Re4 Kd6 46. Rxe5 Kxe5 47. b6 Kd6 48. b7 Kc7 49. f6 Kxb7 50. f7 1-0